000 00993nam a22002777i 4500
001 BINCO
003 CO-MdBIC
005 20240601224126.0
008 220427t2007 sp a|||| |||| 00| 0 spa d
020 _a9788498710014
040 _a CO-MdBIC
_bspa.
_cCO-MdBIC
_d CO-MdBIC
041 _aspa
082 _223
_a860.8
_bN973
100 _aNúñez, Marisa,
_d1961-
245 _aTres osos
_c/ Marisa Núñez ; ilustrado por Minako Chiba
250 _aPrimera edición
260 1 _aEspaña :
_bOQO,
_c[2007]
264 _c© 2007
300 _a36 paginas
_b; ilustraciones a color
_c, 25 cm.
490 _aColección O
501 _aA partir del cuento tradicional. En una cabaña del bosque vivían tres osos. Un día los osos salieron a dar un paseo antes de desayunar; entonces Ricitos de Oro se encontró la casa vacía y entró…
650 7 _9100
_aEducación infantil
650 7 _aLiteratura española
_97089
700 _aChiba, Minako,
_eilustrador
_d1972-
942 _cLGB
999 _c67821
_d67821